01039cam a2200301 a 450000100090000000300090000900500170001800800410003501000170007602000150009302500240010803500220013203700770015404000230023104200100025405000210026408200160028524500690030126000610037030000210043150400410045252000260049365000560051965000380057565100580061370000190067171000470069013969120BDDh-ASL20231015030004.0041217s2003 bg b 000 0 eng  a 2004312739 z9848203350 aB-E-2004-312739; 22 a(DLC) 2004312739 bLibrary of Congress -- New Delhi Overseas OfficecTk500.00 ($25.00 U.S.) aDLCcDLCdBDDh-ASL alcode00aHC499b.G56 2003 a297.87bGLO00aGlobalization and the Muslim world /cedited by M. Kabir Hassan. aDhaka :bBangladesh Institute of Islamic Thought,c2003. a415 p. :c23 cm. aIncludes bibliographical references. aContributed articles. 0aGlobalizationxEconomic aspectszIslamic countries. 0aGlobalizationxReligious aspects. 0aIslamic countriesxEconomic conditionsy20th century.1 aHassan, Kabir.2 aBangladesh Institute of Islamic Institute.